| 000 | 02029nam a2200241Ia 4500 | ||
|---|---|---|---|
| 003 | OSt | ||
| 005 | 20210716140346.0 | ||
| 008 | 130821s1974 ck gr spa | ||
| 040 |
_aCo-BoUCM _bspa _cCO-JMCR |
||
| 041 | 0 | _aspa | |
| 082 | 0 | 4 |
_a332.41 / _bA837s _223 |
| 111 |
_aMemoria de la XII Convención Bancaria Nacional y V de Instituciones financieras _d(1974 : _cMedellín, Colombia) _938530 |
||
| 245 | 1 | 3 |
_aEl sistema financiero ante la inflación y la emergencia económica / _cXII Convención Bancaria Nacional ; Asociación Bancaria de Colombia. |
| 260 |
_a[Bogotá, Colombia] : _bAsociación Bancaria de Colombia, _c1974. |
||
| 300 |
_a198 páginas ; _c24 cm. |
||
| 500 | _aAnexos al final del volumen, y notas a pie de página. | ||
| 505 | 0 |
_tActualidad y Perspectiva de la Economía Nacional. / _rJorge Mejía Palacio. -- _tInflación y Desarrollo. / _rJorge Mejía Salazar. -- _tEl nuevo Plan de Desarrollo. / _rJorge Ramírez Ocampo. -- _tEl Mercado de Capitales en Colombia. / _rHernando Gómez Otálora. -- _tLa Reforma Tributaria y el Sistema Bancario. -- _tEl Comercio Internacional y su Financiación. -- _tEl Crédito de Fomento y la Banca Comercial. / _rAntonio J. Urdinola. -- _tLa Bolsa frente a la Reforma Tributaria. / _rOscar Uribe Londoño. -- _tLa Banca responde a los problemas de almacenamiento (1). / _rAdán Correa Acevedo. -- _tPresente y futuro de las Corporaciones Financieras. / _rÁlvaro Jaramillo Vengoechea. -- _tReformas al Fondo Financiero Agropecuario. -- _tEl Ahorro y la Fiducia a través de la Banca. -- _tLos recursos humanos en la Banca. / _rFrancisco Gómez Cano. -- _tEl control oficial de la Banca. / _rRamón Eduardo Madriñán. -- _tAntioquia y la Economía Nacional. / _rHugo Salazar. -- _tLa Situación Monetaria Internacional. / _rProfesor F. Aschinger. -- |
|
| 650 | 1 | 4 |
_aEconomía _9174 |
| 650 | 2 | 4 |
_aInflación _zColombia _917570 |
| 651 | 2 |
_aColombia _xPolítica económica _926606 |
|
| 710 | 2 |
_aAsociación Bancaria de Colombia. _98022 |
|
| 942 |
_cBK _2ddc |
||
| 999 |
_c11955 _d11955 |
||